| 000 | 00447nam a2200157 i 4500 | ||
|---|---|---|---|
| 001 | 60797 | ||
| 003 | ES-MaACL | ||
| 005 | 20230906164316.0 | ||
| 007 | t| | ||
| 008 | 031106s1971 sp ||||1| spa d | ||
| 100 | 1 |
_aEstrada, María José. _948204 |
|
| 245 | 1 | 0 |
_aWhisky para tres _b: (narraciones) / _cMaría José Estrada. |
| 260 |
_aBarcelona : _bLinosa, _c[1971] |
||
| 300 |
_a221 p. : _bil. ; _c19 cm. |
||
| 852 |
_aES-MaACL _jC-49095 _bR.80289 |
||
| 999 |
_c60797 _d60797 |
||